000 00910nam a22002657a 4500
001 6853
003 FISKH
005 20250603112404.0
008 250603b cb ||||| |||| 00| 0 eng d
020 _a9780756514679
040 _aFISKH
_beng
_cFISKH
_dFISKH
050 _aJK517.M87
082 _a352.23
100 _aMurphy, Patricia J.
245 _aThe presidency /
_cby Patricia J. Murphy
260 _aNorth Mankato :
_bCampass Point Books,
_c2002
300 _a24 pages :
_bcolor illustrations ;
_c19 cm
505 _aN
520 _aProvides information about the American presidency, explaining what the president does, where he lives and works, how he gets elected, who helps him, and his meaning to the people of the country.
521 8 _a570
_bLexile IG
521 8 _aN
_bRaz-Plus
650 _aAmerican Government
_vHistory
_xGovernment
942 _2ddc
_cBK
_n0
999 _c6853
_d6853